[Event "Manila ol (Men)"]
[Site "Manila"]
[Date "1992.??.??"]
[Round "?"]
[White "Santos, Jose Pereira"]
[Black "Koch, Jean Rene"]
[Result "1/2-1/2"]
[WhiteElo "2380"]
[BlackElo "2460"]
[PlyCount "51"]
[EventDate "1992.06.??"]
[EventType "team"]
[EventRounds "14"]
[EventCountry "PHI"]
[Source "ChessBase"]
[SourceDate "1996.11.15"]
[WhiteTeamCountry "GER"]
[BlackTeamCountry "GER"]

1. d4 Nf6 2. c4 c5 3. d5 b5 4. cxb5 a6 5. e3 Bb7 6. Nc3 Qa5 7. Bd2 axb5 8. Bxb5
Qb6 9. Qb3 e6 10. e4 Nxe4 11. Nxe4 Bxd5 12. Qd3 Qb7 13. f3 c4 14. Bxc4 Bxc4 15.
Qxc4 d5 16. Qc2 dxe4 17. Qxe4 Qxb2 18. Rb1 Qxa2 19. Ne2 f5 20. Qd3 Bc5 21. Nc3
Qa7 22. Qb5+ Nd7 23. Qc6 O-O 24. Rb7 Qa1+ 25. Rb1 Qa7 26. Rb7 1/2-1/2

[Event "Haringey"]
[Site "London"]
[Date "1989.??.??"]
[Round "?"]
[White "Martin, Andrew D"]
[Black "Hodgson, Julian M"]
[Result "0-1"]
[WhiteElo "2425"]
[BlackElo "2535"]
[PlyCount "66"]
[EventDate "1989.07.??"]
[EventType "schev"]
[EventRounds "9"]
[EventCountry "ENG"]
[Source "ChessBase"]
[SourceDate "1996.11.15"]
[WhiteTeamCountry "AND"]
[BlackTeamCountry "ECU"]

1. d4 Nf6 2. c4 c5 3. d5 b5 4. cxb5 a6 5. e3 axb5 6. Bxb5 Qa5+ 7. Nc3 Bb7 8.
Nge2 Bxd5 9. O-O Bc6 10. Qd3 e6 11. e4 Be7 12. Bf4 O-O 13. Bxc6 Nxc6 14. e5 c4
15. Qxc4 Nxe5 16. Qd4 Nc6 17. Qd2 d5 18. Rfc1 Rac8 19. a3 Rfd8 20. b4 Qa8 21.
Qd1 d4 22. Na4 Nd5 23. Bd2 Bf6 24. Rab1 d3 25. Nec3 Nxc3 26. Bxc3 Nd4 27. Nb6
Ne2+ 28. Kf1 Qb8 29. Bxf6 Qxh2 30. Ke1 Qh1+ 31. Kd2 Qh6+ 32. Ke1 Rxc1 33. Rxc1
d2+ 0-1

[Event "Altensteig"]
[Site "Altensteig"]
[Date "1987.??.??"]
[Round "?"]
[White "Farago, Ivan"]
[Black "Stangl, Markus"]
[Result "1-0"]
[WhiteElo "2535"]
[BlackElo "2405"]
[PlyCount "89"]
[EventDate "1987.06.??"]
[EventType "tourn"]
[EventRounds "11"]
[EventCountry "GER"]
[EventCategory "9"]
[Source "ChessBase"]
[SourceDate "1996.11.15"]
[WhiteTeamCountry "AND"]
[BlackTeamCountry "ECU"]

1. d4 Nf6 2. c4 c5 3. d5 b5 4. cxb5 a6 5. e3 axb5 6. Bxb5 Qa5+ 7. Nc3 Bb7 8.
Nge2 Bxd5 9. O-O Bc6 10. Qd3 Bxb5 11. Nxb5 Nc6 12. Bd2 Qb6 13. a4 d5 14. e4
dxe4 15. Qg3 e5 16. Nec3 Be7 17. Qxg7 Rg8 18. Nd5 Rxg7 19. Nxb6 Rb8 20. a5 Nd7
21. Nd5 Kd8 22. Ndc3 f5 23. a6 Kc8 24. a7 Ra8 25. Nd5 Kb7 26. Ndc7 Nxa7 27.
Nxa8 Nxb5 28. Ra5 Nd6 29. Rfa1 Nc8 30. Rb5+ Kc6 31. Rb3 Bd8 32. Ra6+ Kd5 33.
Rb7 Rf7 34. Nc7+ Kc4 35. Ne6 Bf6 36. Ra4+ Kd5 37. Ra6 Kc4 38. Rc6 Kd5 39. Rxc8
Kxe6 40. Rc6+ Kd5 41. Rxf6 Rxf6 42. Rxd7+ Kc4 43. Bc3 Re6 44. Rxh7 f4 45. Kf1
1-0

[Event "Moscow PCA-op rapid"]
[Site "Moscow"]
[Date "1994.??.??"]
[Round "?"]
[White "Novikov, Igor A"]
[Black "Georgiev, Kiril"]
[Result "1-0"]
[WhiteElo "2565"]
[BlackElo "2615"]
[PlyCount "68"]
[EventDate "1994.??.??"]
[EventType "swiss (rapid)"]
[EventRounds "7"]
[EventCountry "RUS"]
[Source "ChessBase"]
[SourceDate "1996.11.15"]
[WhiteTeamCountry "AND"]
[BlackTeamCountry "ECU"]

1. d4 Nf6 2. c4 c5 3. d5 b5 4. cxb5 a6 5. e3 axb5 6. Bxb5 Qa5+ 7. Nc3 Bb7 8.
Nge2 Bxd5 9. O-O Bc6 10. a4 g6 11. e4 Bg7 12. Bg5 h6 13. Bh4 d6 14. f4 O-O 15.
e5 dxe5 16. fxe5 Ng4 17. Bxe7 Bxe5 18. Bxf8 Bxh2+ 19. Kh1 Kxf8 20. Nf4 Bxf4 21.
Qxg4 Bg5 22. Ne4 Bxb5 23. axb5 Qxa1 24. Rxa1 Rxa1+ 25. Kh2 f5 26. Qg3 fxe4 27.
Qxb8+ Kf7 28. b6 e3 29. Qc7+ Be7 30. Qf4+ Ke6 31. Qxe3+ Kd7 32. Qxh6 Bd6+ 33.
g3 Ra6 34. Qxg6 Rxb6 1-0

[Event "NED-ch"]
[Site "Hilversum"]
[Date "1990.??.??"]
[Round "10"]
[White "Brenninkmeijer, Joris"]
[Black "Van der Sterren, Paul"]
[Result "1-0"]
[WhiteElo "2475"]
[BlackElo "2515"]
[PlyCount "87"]
[EventDate "1990.06.??"]
[EventType "tourn"]
[EventRounds "11"]
[EventCountry "NED"]
[EventCategory "9"]
[Source "ChessBase"]
[SourceDate "1996.11.15"]
[WhiteTeamCountry "AND"]
[BlackTeamCountry "ECU"]

1. d4 Nf6 2. c4 c5 3. d5 b5 4. cxb5 a6 5. e3 axb5 6. Bxb5 Qa5+ 7. Nc3 Bb7 8.
Nge2 Bxd5 9. O-O Bc6 10. a4 g6 11. e4 d6 12. f4 Bxb5 13. Nxb5 Bg7 14. e5 dxe5
15. fxe5 Ng4 16. Bg5 Ra6 17. Nec3 Nxe5 18. Nd5 O-O 19. Bxe7 Nbd7 20. Bxf8 Bxf8
21. Qe2 c4 22. Kh1 Qd8 23. Rad1 Bg7 24. Ndc3 Qb8 25. Rd5 h5 26. h3 Nf8 27. Qe3
Ne6 28. Qg3 f5 29. Rxe5 Qxe5 30. Qxg6 f4 31. Rd1 Qg5 32. Qe4 Qc5 33. Nd5 Bxb2
34. Qg6+ Kf8 35. Nxf4 Nxf4 36. Rd8+ Ke7 37. Re8+ Kd7 38. Qf7+ Kc6 39. Rc8+ Kb6
40. Rxc5 Kxc5 41. Qxf4 Rxa4 42. Qf5+ Kb4 43. Nd6 Ra1+ 44. Kh2 1-0

[Event "ROM-ch"]
[Site "Predeal"]
[Date "1988.??.??"]
[Round "3"]
[White "Ionescu, Constantin"]
[Black "Biriescu, Ioan"]
[Result "1/2-1/2"]
[WhiteElo "2465"]
[BlackElo "2370"]
[PlyCount "78"]
[EventDate "1988.??.??"]
[EventType "tourn"]
[EventRounds "16"]
[EventCountry "ROM"]
[EventCategory "7"]
[Source "ChessBase"]
[SourceDate "1996.11.15"]
[WhiteTeamCountry "AND"]
[BlackTeamCountry "ECU"]

1. d4 Nf6 2. c4 c5 3. d5 b5 4. cxb5 a6 5. e3 axb5 6. Bxb5 Qa5+ 7. Nc3 Bb7 8.
Nge2 Bxd5 9. O-O Bc6 10. a4 g6 11. Bd2 Qb6 12. e4 Bg7 13. Nf4 Nxe4 14. Nfd5
Bxd5 15. Nxd5 Qb7 16. Bf4 O-O 17. Nxe7+ Kh8 18. Qb3 d6 19. Qd5 Qxd5 20. Nxd5
Bxb2 21. Rae1 f5 22. Bh6 Rd8 23. f3 Bd4+ 24. Be3 Nc3 25. Nc7 Ra7 26. Ne6 Bxe3+
27. Rxe3 Re7 28. Rfe1 Nd5 29. R3e2 Rc8 30. Rd2 Nc3 31. Rxd6 Nxb5 32. axb5 c4
33. Kf2 c3 34. Rc1 Nd7 35. Nd4 Ne5 36. Rc2 Nd3+ 37. Kg3 Nb4 38. Rc1 Nd3 39. Rc2
Nb4 1/2-1/2

[Event "Edinburgh op"]
[Site "Edinburgh"]
[Date "1988.??.??"]
[Round "7"]
[White "Peek, Marcel"]
[Black "Mannion, Stephen R"]
[Result "1-0"]
[WhiteElo "2345"]
[BlackElo "2280"]
[PlyCount "50"]
[EventDate "1988.??.??"]
[EventType "swiss"]
[EventRounds "9"]
[EventCountry "SCO"]
[Source "ChessBase"]
[SourceDate "1996.11.15"]
[WhiteTeamCountry "AND"]
[BlackTeamCountry "ECU"]

1. d4 Nf6 2. c4 c5 3. d5 b5 4. cxb5 a6 5. e3 axb5 6. Bxb5 Qa5+ 7. Nc3 Bb7 8.
Nge2 Bxd5 9. O-O Bc6 10. a4 Bxb5 11. Nxb5 Nc6 12. Bd2 Qb6 13. Bc3 e6 14. Bxf6
gxf6 15. Nf4 d5 16. Qh5 Na7 17. e4 dxe4 18. Rfd1 Nxb5 19. axb5 Rxa1 20. Rxa1
Be7 21. h4 O-O 22. Qh6 Kh8 23. Nh5 Rg8 24. Ra8 Bd8 25. Nxf6 Rg7 1-0

[Event "Ostend op"]
[Site "Ostend"]
[Date "1987.??.??"]
[Round "5"]
[White "Fedorowicz, John P"]
[Black "Berg, Klaus"]
[Result "1-0"]
[WhiteElo "2520"]
[BlackElo "2350"]
[PlyCount "73"]
[EventDate "1987.09.??"]
[EventType "swiss"]
[EventRounds "9"]
[EventCountry "BEL"]
[Source "ChessBase"]
[SourceDate "1996.11.15"]
[WhiteTeamCountry "AND"]
[BlackTeamCountry "ECU"]

1. d4 Nf6 2. c4 c5 3. d5 b5 4. cxb5 a6 5. e3 axb5 6. Bxb5 Qa5+ 7. Nc3 Bb7 8.
Nge2 Bxd5 9. O-O Bc6 10. a4 Bxb5 11. Nxb5 d5 12. e4 dxe4 13. b4 Qd8 14. Qc2 e6
15. bxc5 Na6 16. Rd1 Qc8 17. c6 Bc5 18. Be3 Qxc6 19. Rac1 O-O 20. Bxc5 Qxc5 21.
Qxc5 Nxc5 22. Rxc5 Rxa4 23. Nbc3 Raa8 24. Ng3 Rfd8 25. Rxd8+ Rxd8 26. Rc4 g6
27. Ngxe4 Nxe4 28. Rxe4 h5 29. h4 Kg7 30. Rc4 Rd7 31. g3 Ra7 32. Kg2 Rb7 33.
Ne4 Rd7 34. Rc6 Rd4 35. Nc5 Rd5 36. Rc7 Kg8 37. Ne4 1-0

[Event "Athens Akropolis (Women)"]
[Site "Athens"]
[Date "1989.??.??"]
[Round "?"]
[White "Prudnikova, Svetlana"]
[Black "Gocheva, Rumiana B"]
[Result "1-0"]
[WhiteElo "2315"]
[BlackElo "2210"]
[PlyCount "57"]
[EventDate "1989.??.??"]
[EventType "swiss"]
[EventRounds "9"]
[EventCountry "GRE"]
[Source "ChessBase"]
[SourceDate "1996.11.15"]
[WhiteTeamCountry "AND"]
[BlackTeamCountry "ECU"]

1. d4 Nf6 2. c4 c5 3. d5 b5 4. cxb5 a6 5. e3 axb5 6. Bxb5 Qa5+ 7. Nc3 Bb7 8.
Nge2 Bxd5 9. O-O Bc6 10. a4 e6 11. e4 Be7 12. e5 Nd5 13. Nxd5 exd5 14. Ra3 Qc7
15. Nf4 d4 16. Bc4 O-O 17. Qh5 Be4 18. Bd5 Bg6 19. Nxg6 hxg6 20. Qxg6 Ra6 21.
Qe4 Re6 22. Bxe6 fxe6 23. f4 Qc6 24. Qg6 Rf5 25. Qe8+ Bf8 26. Qxb8 c4 27. Raf3
d3 28. b3 Rf7 29. Qb5 1-0

[Event "SLO-ch"]
[Site "Slovenia"]
[Date "1993.??.??"]
[Round "?"]
[White "Jelen, Igor"]
[Black "Sermek, Drazen"]
[Result "0-1"]
[WhiteElo "2325"]
[BlackElo "2460"]
[PlyCount "98"]
[EventDate "1993.??.??"]
[EventType "tourn"]
[EventRounds "13"]
[EventCountry "SLO"]
[EventCategory "5"]
[Source "ChessBase"]
[SourceDate "1996.11.15"]
[WhiteTeamCountry "AND"]
[BlackTeamCountry "ECU"]

1. d4 Nf6 2. c4 c5 3. d5 b5 4. cxb5 a6 5. e3 Qa5+ 6. Nc3 axb5 7. Bxb5 Bb7 8.
Nge2 Bxd5 9. O-O Bc6 10. a4 e6 11. e4 Bxb5 12. Nxb5 Nxe4 13. Bf4 Na6 14. Nec3
Nxc3 15. bxc3 Be7 16. Bd6 Qd8 17. Qf3 O-O 18. Rfd1 Bxd6 19. Rxd6 Nc7 20. c4 Ne8
21. Rdd1 Nf6 22. Qa3 Qc8 23. a5 d5 24. a6 dxc4 25. Qa5 Nd5 26. Rdc1 Qc6 27. a7
Nf4 28. f3 Ne2+ 29. Kh1 Nxc1 30. Rxc1 Rfc8 31. h3 Rd8 32. Nc7 Rac8 33. Ra1 h6
34. a8=Q Rxa8 35. Nxa8 Rb8 36. Qc7 Qxc7 37. Nxc7 Rb7 38. Na8 Kf8 39. Rc1 Ke7
40. Rxc4 Kd6 41. Ra4 Kc6 42. Ra6+ Kb5 43. Rd6 c4 44. Rd8 c3 45. Rc8 Kb4 46. Nc7
Rb6 47. Na8 Rd6 48. Rb8+ Ka3 49. Nc7 Rd5 0-1

[Event "SCO-ch"]
[Site "Scotland"]
[Date "1991.??.??"]
[Round "8"]
[White "Holmes, Donald A"]
[Black "Mannion, Stephen R"]
[Result "1-0"]
[WhiteElo "2270"]
[BlackElo "2345"]
[PlyCount "111"]
[EventDate "1991.??.??"]
[EventType "tourn"]
[EventRounds "9"]
[EventCountry "SCO"]
[Source "ChessBase"]
[SourceDate "1996.11.15"]
[WhiteTeamCountry "AND"]
[BlackTeamCountry "ECU"]

1. d4 Nf6 2. c4 c5 3. d5 b5 4. cxb5 a6 5. e3 axb5 6. Bxb5 Qa5+ 7. Nc3 Bb7 8.
Nge2 Bxd5 9. O-O Bc6 10. a4 e6 11. e4 Bxb5 12. Nxb5 Nxe4 13. Bf4 Na6 14. Nec3
Nxc3 15. bxc3 Be7 16. Nd6+ Bxd6 17. Qxd6 Qd8 18. Rab1 Qe7 19. Rb7 Qxd6 20. Bxd6
f6 21. Rfb1 Rg8 22. Kf1 g5 23. h3 e5 24. g3 g4 25. h4 Kf7 26. R1b6 Rgd8 27. Ke2
Ke8 28. Kd3 Rdc8 29. Kc4 Kd8 30. Kb5 Nc7+ 31. Bxc7+ Rxc7 32. a5 f5 33. a6 f4
34. gxf4 exf4 35. Rf6 Ke7 36. Rxf4 Rc6 37. a7 h5 38. Ra4 Rcc8 39. Ra6 Rf8 40.
Ra2 Rfd8 41. Kxc5 Rdc8+ 42. Kb4 Kd8 43. c4 Rc7 44. Rxc7 Kxc7 45. Kc5 d6+ 46.
Kd5 Kd7 47. Ra6 Kc7 48. Ke6 Kb7 49. Ra4 Kc6 50. Kf7 Kb7 51. Kg6 Rg8+ 52. Kxh5
Ka8 53. Ra6 Rc8 54. Rxd6 Rxc4 55. Ra6 Rf4 56. Ra2 1-0

[Event "EU-chT (Men)"]
[Site "Haifa"]
[Date "1989.??.??"]
[Round "6"]
[White "Lautier, Joel"]
[Black "Polgar, Judit"]
[Result "1-0"]
[WhiteElo "2465"]
[BlackElo "2555"]
[PlyCount "109"]
[EventDate "1989.11.??"]
[EventType "team"]
[EventRounds "9"]
[EventCountry "ISR"]
[Source "ChessBase"]
[SourceDate "1996.11.15"]
[WhiteTeamCountry "AND"]
[BlackTeamCountry "ECU"]

1. d4 Nf6 2. c4 c5 3. d5 b5 4. cxb5 a6 5. e3 Bb7 6. Nc3 Qa5 7. bxa6 Nxa6 8. Bd2
Qb6 9. e4 e6 10. Nf3 exd5 11. exd5 Nxd5 12. Bc4 Qe6+ 13. Ne2 Qg4 14. Qb3 Nab4
15. O-O Nb6 16. Bxf7+ Kd8 17. Ng3 c4 18. Qe3 N6d5 19. Qg5+ Qxg5 20. Bxg5+ Be7
21. Nf5 Bxg5 22. Nxg5 h6 23. Nd6 hxg5 24. Nxb7+ Kc7 25. Nc5 Kc6 26. Ne4 Nf4 27.
g3 Ne2+ 28. Kg2 d5 29. Nxg5 Nd3 30. Rfd1 Nd4 31. b3 Nc2 32. bxc4 dxc4 33. Bxc4
Nxa1 34. Rxd3 Ra5 35. Ne6 g5 36. Rd2 g4 37. Rd4 Rah5 38. Rxg4 Rxh2+ 39. Kf3 Nc2
40. Bb3 Na1 41. Bc4 Nc2 42. Re4 Rb8 43. Re2 Na3 44. Bb3 Kd6 45. g4 Nb5 46. g5
Nc3 47. Re1 Nd5 48. Bxd5 Kxd5 49. Kg3 Rhh8 50. f4 Kd6 51. f5 Ra8 52. g6 Ra3+
53. Kg4 Ke7 54. Nf4+ Kf6 55. Re6+ 1-0

[Event "Kecskemet op1"]
[Site "Kecskemet"]
[Date "1989.??.??"]
[Round "?"]
[White "Dautov, Rustem"]
[Black "Blees, Albert"]
[Result "1/2-1/2"]
[WhiteElo "2535"]
[BlackElo "2355"]
[PlyCount "93"]
[EventDate "1989.07.??"]
[EventType "swiss"]
[EventRounds "9"]
[EventCountry "HUN"]
[Source "ChessBase"]
[SourceDate "1996.11.15"]
[WhiteTeamCountry "AND"]
[BlackTeamCountry "ECU"]

1. d4 Nf6 2. c4 c5 3. d5 b5 4. cxb5 a6 5. e3 e6 6. dxe6 fxe6 7. Nc3 d5 8. Nf3
Be7 9. b3 O-O 10. Bb2 axb5 11. Bxb5 Qa5 12. Bd3 d4 13. exd4 cxd4 14. Nxd4 Ba3
15. Qd2 Qe5+ 16. Nde2 Bxb2 17. Qxb2 Ng4 18. Qc2 Bb7 19. Bxh7+ Kh8 20. Be4 Nc6
21. f4 Qc5 22. Nd1 Qb4+ 23. Ndc3 Rad8 24. O-O Qc5+ 25. Kh1 Nf2+ 26. Rxf2 Qxf2
27. Qc1 Nd4 28. Bxb7 Nxe2 29. Nxe2 Qxe2 30. Bf3 Qf2 31. a4 e5 32. Qe1 Qxe1+ 33.
Rxe1 Rxf4 34. Kg1 Rd3 35. Rxe5 g5 36. Rb5 g4 37. Rh5+ Kg7 38. Rg5+ Kf6 39. Rxg4
Rxg4 40. Bxg4 Rxb3 41. Be2 Ra3 42. Bb5 Ra2 43. g3 Kf5 44. h3 Ke4 45. Bc6+ Ke3
46. h4 Rc2 47. Bb7 1/2-1/2

[Event "Belgrade"]
[Site "Belgrade"]
[Date "1984.??.??"]
[Round "?"]
[White "Lukacs, Peter"]
[Black "Plachetka, Jan"]
[Result "1-0"]
[WhiteElo "2470"]
[BlackElo "2440"]
[PlyCount "57"]
[EventDate "1984.05.??"]
[EventType "tourn"]
[EventRounds "13"]
[EventCountry "YUG"]
[EventCategory "8"]
[Source "ChessBase"]
[SourceDate "1996.11.15"]
[WhiteTeamCountry "AND"]
[BlackTeamCountry "ECU"]

1. d4 Nf6 2. c4 c5 3. d5 b5 4. cxb5 a6 5. e3 e6 6. Nc3 exd5 7. Nge2 Bb7 8. Nf4
axb5 9. Bxb5 Bd6 10. Nfxd5 Nxd5 11. Nxd5 Qa5+ 12. Nc3 Be5 13. a4 Bxg2 14. Rg1
Bc6 15. Bd2 Bxb5 16. Nxb5 Qb6 17. Qh5 Nc6 18. f4 g6 19. Qg5 h6 20. Qg2 Bf6 21.
Qd5 Bh4+ 22. Ke2 Be7 23. Bc3 Rf8 24. Rgd1 O-O-O 25. Qc4 Kb7 26. Rd5 Nb8 27.
Rad1 Qe6 28. Qb3 Qa6 29. Ba5 1-0

[Event "Rome"]
[Site "Rome"]
[Date "1986.??.??"]
[Round "?"]
[White "Farago, Ivan"]
[Black "Bukal, Vladimir Sr"]
[Result "1/2-1/2"]
[WhiteElo "2520"]
[BlackElo "2465"]
[PlyCount "70"]
[EventDate "1986.01.??"]
[EventType "tourn"]
[EventRounds "9"]
[EventCountry "ITA"]
[EventCategory "10"]
[Source "ChessBase"]
[SourceDate "1996.11.15"]
[WhiteTeamCountry "AND"]
[BlackTeamCountry "ECU"]

1. d4 Nf6 2. c4 c5 3. d5 b5 4. cxb5 a6 5. e3 axb5 6. Bxb5 Qa5+ 7. Nc3 Ba6 8.
Bxa6 Qxa6 9. Nge2 g6 10. O-O Bg7 11. a4 d6 12. Nb5 Qb7 13. Nec3 O-O 14. e4 Na6
15. Bg5 Rfe8 16. Qe2 Nc7 17. Nxc7 Qxc7 18. Nb5 Qb7 19. Bd2 Nd7 20. Bc3 Bf8 21.
Qd3 Rec8 22. b3 Bg7 23. Bxg7 Kxg7 24. f4 Nb6 25. Kh1 Kg8 26. Na3 c4 27. Nxc4
Nxc4 28. bxc4 Qb4 29. f5 Qxc4 30. Qf3 f6 31. fxg6 hxg6 32. a5 Kg7 33. h3 Rc5
34. Qg4 Rcxa5 35. Rac1 Qd4 1/2-1/2

[Event "Noviki-B"]
[Site "Budapest"]
[Date "1987.??.??"]
[Round "?"]
[White "Kouatly, Bachar"]
[Black "Bukal, Vladimir Sr"]
[Result "1-0"]
[WhiteElo "2470"]
[BlackElo "2435"]
[PlyCount "49"]
[EventDate "1987.09.??"]
[EventType "tourn"]
[EventRounds "11"]
[EventCountry "HUN"]
[EventCategory "8"]
[Source "ChessBase"]
[SourceDate "1996.11.15"]
[WhiteTeamCountry "AND"]
[BlackTeamCountry "ECU"]

1. d4 Nf6 2. c4 c5 3. d5 b5 4. cxb5 a6 5. e3 axb5 6. Bxb5 Qa5+ 7. Nc3 Ba6 8.
Bxa6 Qxa6 9. Nge2 g6 10. O-O d6 11. a4 Bg7 12. Nb5 Qb7 13. Nec3 O-O 14. e4 Na6
15. Bg5 Rfe8 16. Rc1 Nc7 17. Nxc7 Qxc7 18. e5 dxe5 19. Nb5 Qb6 20. Be3 Red8 21.
Rxc5 Qb7 22. Nc7 Rac8 23. Qc2 Rd7 24. Rc1 Ng4 25. Ne6 1-0

[Event "Copenhagen op"]
[Site "Copenhagen"]
[Date "1989.??.??"]
[Round "2"]
[White "Bjerke, Richard"]
[Black "Hartvig, Ove Weiss"]
[Result "1/2-1/2"]
[WhiteElo "2325"]
[BlackElo "2225"]
[PlyCount "89"]
[EventDate "1989.06.??"]
[EventType "swiss"]
[EventRounds "10"]
[EventCountry "DEN"]
[Source "ChessBase"]
[SourceDate "1996.11.15"]
[WhiteTeamCountry "AND"]
[BlackTeamCountry "ECU"]

1. d4 Nf6 2. c4 c5 3. d5 b5 4. cxb5 a6 5. e3 Bb7 6. Nc3 axb5 7. Bxb5 Qa5 8.
Nge2 Nxd5 9. O-O Nc7 10. Bc4 Ba6 11. Qd3 Nc6 12. Rd1 Bc8 13. f4 g6 14. Bd2 Bg7
15. Nd5 Qa7 16. Bc3 O-O 17. Ng3 Nxd5 18. Bxd5 Bb7 19. Bxg7 Kxg7 20. Ne4 d6 21.
Ng5 Kg8 22. Qc4 Nd8 23. f5 Qa4 24. Qd3 Qg4 25. Nf3 Qxf5 26. e4 Qg4 27. Re1 Rb8
28. b3 Ne6 29. Qd2 Nf4 30. Bxb7 Rxb7 31. Rac1 Rb4 32. e5 Rd8 33. Rc3 Ne6 34. a3
Re4 35. h3 Rxe1+ 36. Qxe1 Qh5 37. Rc4 d5 38. Rh4 Qf5 39. Qc1 Qd3 40. Qh6 Qd1+
41. Kh2 Nf8 42. Qf4 Ne6 43. Qh6 Nf8 44. Qf4 Ne6 45. Qh6 1/2-1/2

[Event "Albena"]
[Site "Albena"]
[Date "1985.??.??"]
[Round "?"]
[White "Farago, Ivan"]
[Black "Ermenkov, Evgenij"]
[Result "1-0"]
[WhiteElo "2510"]
[BlackElo "2500"]
[PlyCount "112"]
[EventDate "1985.09.02"]
[EventType "tourn"]
[EventRounds "13"]
[EventCountry "BUL"]
[EventCategory "8"]
[Source "ChessBase"]
[SourceDate "1996.11.15"]
[WhiteTeamCountry "AND"]
[BlackTeamCountry "ECU"]

1. d4 Nf6 2. c4 c5 3. d5 b5 4. cxb5 a6 5. e3 axb5 6. Bxb5 Qa5+ 7. Nc3 Bb7 8.
Nge2 Nxd5 9. O-O Nc7 10. Bc4 Ba6 11. Bxa6 Qxa6 12. e4 e6 13. Bf4 d6 14. a4 Nc6
15. Nb5 O-O-O 16. Nec3 Ne8 17. Qe2 Kb7 18. Rfd1 Be7 19. Rd2 Rd7 20. Rad1 e5 21.
Be3 Nd4 22. Qc4 Nf6 23. Bxd4 cxd4 24. Nd5 Rc8 25. Qb3 Ka8 26. Rc2 Rxc2 27. Qxc2
Nxd5 28. exd5 Bd8 29. b4 f5 30. Kf1 Kb8 31. Qc6 Qb7 32. a5 g6 33. Rc1 d3 34. a6
Qxc6 35. Rxc6 e4 36. a7+ Rxa7 37. Nxa7 Kxa7 38. Rxd6 Bb6 39. Re6 Kb7 40. Re7+
Kc8 41. d6 h5 42. h4 Kd8 43. g3 d2 44. Ke2 Bxf2 45. Re6 Bxg3 46. b5 Kd7 47.
Rxg6 Bxd6 48. Kxd2 f4 49. Rg7+ Kc8 50. Rf7 f3 51. Ke3 Bg3 52. Kxe4 f2 53. Kd5
Bxh4 54. Kc6 Kd8 55. b6 Bg3 56. b7 h4 1-0

[Event "Hamburg HSV"]
[Site "Hamburg"]
[Date "1986.??.??"]
[Round "?"]
[White "Lautier, Joel"]
[Black "Wegner, Hannu"]
[Result "1-0"]
[WhiteElo "2255"]
[BlackElo "2300"]
[PlyCount "63"]
[EventDate "1986.??.??"]
[EventType "tourn"]
[EventRounds "11"]
[EventCountry "GER"]
[EventCategory "4"]
[Source "ChessBase"]
[SourceDate "1996.11.15"]
[WhiteTeamCountry "AND"]
[BlackTeamCountry "ECU"]

1. d4 Nf6 2. c4 c5 3. d5 b5 4. cxb5 a6 5. e3 axb5 6. Bxb5 Qa5+ 7. Nc3 Bb7 8.
Nge2 Nxd5 9. O-O Nf6 10. f3 Bc6 11. Bc4 Qb6 12. e4 d6 13. Ng3 Qb7 14. Qe2 e6
15. Rd1 Nbd7 16. Bf4 Ne5 17. Bb5 Rb8 18. a4 Be7 19. Nf1 O-O 20. Ne3 Nfd7 21.
Bg3 Rfd8 22. f4 Ng6 23. Nc4 Qc7 24. f5 Nge5 25. fxe6 fxe6 26. Nxe5 Nxe5 27.
Bxe5 dxe5 28. Qg4 Ba8 29. Qxe6+ Kh8 30. Rxd8+ Rxd8 31. Rf1 Bf6 32. Rxf6 1-0

[Event "Marseille"]
[Site "Marseille"]
[Date "1988.??.??"]
[Round "?"]
[White "Lautier, Joel"]
[Black "Andruet, Gilles"]
[Result "1-0"]
[WhiteElo "2365"]
[BlackElo "2450"]
[PlyCount "47"]
[EventDate "1988.07.??"]
[EventType "tourn"]
[EventRounds "9"]
[EventCountry "FRA"]
[EventCategory "10"]
[Source "ChessBase"]
[SourceDate "1996.11.15"]
[WhiteTeamCountry "AND"]
[BlackTeamCountry "ECU"]

1. d4 Nf6 2. c4 c5 3. d5 b5 4. cxb5 a6 5. e3 axb5 6. Bxb5 Qa5+ 7. Nc3 Bb7 8.
Nge2 Bxd5 9. O-O Bb7 10. f3 e6 11. e4 Be7 12. Bf4 O-O 13. Bd6 Bxd6 14. Qxd6 Rc8
15. a4 Qc7 16. Rad1 Ne8 17. Qd2 Bc6 18. f4 Bxb5 19. axb5 d6 20. f5 Qe7 21. fxe6
fxe6 22. Nd5 Qd8 23. Qf4 h6 24. Qf7+ 1-0

[Event "USA-ch"]
[Site "USA"]
[Date "1988.??.??"]
[Round "?"]
[White "Benjamin, Joel"]
[Black "Alburt, Lev O"]
[Result "1-0"]
[WhiteElo "2560"]
[BlackElo "2525"]
[PlyCount "147"]
[EventDate "1988.10.??"]
[EventType "tourn"]
[EventRounds "11"]
[EventCountry "USA"]
[EventCategory "12"]
[Source "ChessBase"]
[SourceDate "1996.11.15"]
[WhiteTeamCountry "AND"]
[BlackTeamCountry "ECU"]

1. d4 Nf6 2. c4 c5 3. d5 b5 4. cxb5 a6 5. e3 axb5 6. Bxb5 Qa5+ 7. Nc3 Bb7 8.
Nge2 Nxd5 9. O-O Nf6 10. Qd3 e6 11. e4 Nc6 12. Rd1 Rd8 13. Qg3 Be7 14. Bg5 O-O
15. e5 Nh5 16. Qh4 Bxg5 17. Qxg5 g6 18. Rd3 Qc7 19. Rh3 f6 20. exf6 Nxf6 21.
Qxc5 Ng4 22. Bxc6 Bxc6 23. Rf1 Rf5 24. Qd4 h5 25. Rg3 Kh7 26. h3 Nf6 27. Qe3 e5
28. Rg5 Rxg5 29. Qxg5 Rf8 30. Nc1 Kg7 31. Nd3 d6 32. Rd1 Qb7 33. f3 Re8 34. Kh2
Qb8 35. Re1 Nh7 36. Qe3 Nf6 37. a3 Ba8 38. Re2 Re7 39. Kh1 Qb3 40. Qg5 Qc4 41.
Nf2 Rf7 42. Qd2 Rd7 43. Nfe4 Ne8 44. Qg5 Qf7 45. Rd2 Kh7 46. b4 Qc4 47. Kh2 Bc6
48. Qe3 Kg8 49. Qh6 Rg7 50. Qe3 d5 51. Qc5 Qxc5 52. Nxc5 d4 53. Nd1 Nd6 54. Nb2
Ra7 55. a4 Kf7 56. Nbd3 Kf6 57. b5 Nc4 58. Rc2 Bd5 59. Nb4 Nb6 60. Nca6 d3 61.
Nxd3 Nxa4 62. Nc7 Nb6 63. Rc5 Bf7 64. Rc6+ Kf5 65. g4+ Kg5 66. Nxe5 Bd5 67.
Rxb6 Rxc7 68. Kg3 h4+ 69. Kf2 Rc3 70. Rd6 Bc4 71. b6 Rc2+ 72. Ke3 Re2+ 73. Kd4
Ba6 74. Nxg6 1-0

[Event "Paris"]
[Site "Paris"]
[Date "1986.??.??"]
[Round "?"]
[White "Kouatly, Bachar"]
[Black "Fedorowicz, John P"]
[Result "1/2-1/2"]
[WhiteElo "2430"]
[BlackElo "2525"]
[PlyCount "98"]
[EventDate "1986.12.??"]
[EventType "tourn"]
[EventRounds "9"]
[EventCountry "FRA"]
[EventCategory "10"]
[Source "ChessBase"]
[SourceDate "1996.11.15"]
[WhiteTeamCountry "AND"]
[BlackTeamCountry "ECU"]

1. d4 Nf6 2. c4 c5 3. d5 b5 4. cxb5 a6 5. e3 Bb7 6. Nc3 axb5 7. Bxb5 Qa5 8.
Nge2 Nxd5 9. O-O Nf6 10. e4 Nxe4 11. Bf4 Nf6 12. Re1 Nc6 13. Ng3 Nd4 14. a4 e6
15. Be5 Be7 16. Nh5 Nxh5 17. Qxh5 Nxb5 18. Nxb5 O-O 19. Rad1 Bc6 20. b3 Qb4 21.
Re3 f6 22. Bc3 Qxb3 23. Bxf6 Qc2 24. Na3 Qa2 25. Ra1 Qd2 26. Nc4 Qxe3 27. fxe3
Bxf6 28. Ra3 Rfb8 29. h4 Be7 30. Ra1 Rb4 31. Ne5 Rxh4 32. Qd1 Bg5 33. Ra3 Bxa4
34. Qd6 Re4 35. Qxc5 Bh4 36. Nf3 Bf6 37. Qd6 Bc6 38. Rb3 h5 39. Rb8+ Rxb8 40.
Qxb8+ Kf7 41. Qh8 h4 42. Qh5+ Ke7 43. Qc5+ Kf7 44. Qh5+ Kf8 45. Qc5+ Kg8 46.
Qh5 d5 47. Ng5 Bxg5 48. Qxg5 Kf7 49. Qd8 Ba4 1/2-1/2